Statistiche per Ultima Retrocessione in Serie B - Quiz n°1

Clicka qui per fare il quiz!

Statistiche generali

  • Questo quiz è stato fatto 33 volte
  • Il punteggio medio è 9 su 20

Statistiche sulle risposte

HintRisposta% Corretto
Genoa2021-2022
80%
Venezia2021-2022
64%
Benevento2020-2021
60%
Cagliari2021-2022
56%
Livorno2013-2014
52%
Bologna2013-2014
52%
Carpi2015-2016
52%
Parma2020-2021
52%
Palermo2016-2017
48%
Brescia2019-2020
48%
Pescara2016-2017
44%
Empoli2018-2019
44%
Catania2013-2014
40%
Cesena2014-2015
40%
Lecce2019-2020
40%
Crotone2020-2021
40%
SPAL2019-2020
32%
Chievo2018-2019
28%
Verona2017-2018
24%
Frosinone2018-2019
24%

Distribuzione punteggi

Percentile per numero di risposta

Percentuale di utenti per punteggio

I tuoi punteggi nel tempo

Non hai fatto questo quiz